| 000 | 00370nam a22001457a 4500 | ||
|---|---|---|---|
| 003 | OSt | ||
| 005 | 20160727222404.0 | ||
| 008 | 160623b xxu||||| |||| 00| 0 eng d | ||
| 040 | _cTEST | ||
| 100 |
_9797 _aLin, F |
||
| 245 | _aFlorence Lin's Chinese one Dish Meats | ||
| 260 |
_aNEW YORK _bGRAMERY _c1978 |
||
| 300 | _aFlorence Lin's Chinese one Dish Meats | ||
| 942 |
_2ddc _cBK |
||
| 999 |
_c637 _d637 |
||